000 01201nam a22002777a 4500
003 dpl
005 20180907114538.0
008 180831b xxu||||| |||| 00| 0 eng d
010 _aB-093182
020 _c200.00
_a8188381152
035 _aB-093182,B-093184, B-093190
037 _bCen Lib/Ret
040 _aDPL
_bHN
_c0
082 _a
_bपासवा
100 _aपासवान प्रज्ञाचक्षु, सुकन
_959955
245 _aपरकटे पक्षी का आकाश :
_cसुकन पासवान प्रज्ञाचक्षु
_bकहानी संग्रह /
246 _aParkate pakshi ka aakash : kahani sangreh /
_bby Sukan Paswan Pragyachakchu /
260 _aदिल्ली
_bनीरज बुक सेंटर
_c2003
270 _aसी-32, आर्य नगर सोसाइटी
_bदिल्ली
_e110092
300 _a175पृ.
_c21सेमी (सजिल्द)
650 _aहिन्दी साहित्य
_959956
650 _aकहानियां
_959957
650 _aHindi literature
_959958
650 _aStories
_97500
942 _2ddc
_cHN
_h
_mपासवा
999 _c115115
_d115115